Grywalne klasy w World of Warcraft - Statystyki

Ogólne statystyki
  • Ten quiz został rozwiązany 71 razy
  • Średni wynik to 11 z 13
Statystyki odpowiedzi
Expansion Klasa % Poprawnych
Classic Warrior
100%
Classic Hunter
97%
Classic Mage
97%
Classic Shaman
92%
Classic Druid
90%
Classic Paladin
89%
WotLK Death Knight
87%
Classic Priest
87%
Classic Warlock
87%
Legion Demon Hunter
82%
Classic Rogue
82%
MoP Monk
79%
Dragonflight Evoker
58%
Nie znaleziono quizów pasujących do podanych kryteriów
Rozkład punktacji
Procent ludzi z każdym wynikiem
Percentyl według liczby udzielonych odpowiedzi
Twoja historia wyników
Nie rozwiązałeś tego quizu